| 000 | 01093nam a22003257a 4500 | ||
|---|---|---|---|
| 001 | BR8600621 | ||
| 003 | BR-BrBNA | ||
| 005 | 20230928092227.0 | ||
| 007 | ta | ||
| 008 | 230509b bl.||||| |||| 00| 0 por d | ||
| 040 |
_aBR-BrBNA _bpor _cBiblioteca Nacional de Agricultura |
||
| 041 | _a(Por) | ||
| 072 |
_aF60; F01 _b1540 |
||
| 090 | _ 1540 BR8600621 | ||
| 100 | 1 | _aSantiago, A.D. | |
| 110 | 1 |
_aEscola Superior de Agricultura de Lavras, MG (Brasil) _0Tse (Mestrado) |
|
| 245 | 1 | _aEfeito de poda na produtividade, conservacao e qualidade de raizes de mandioa (Manhiot esculenta Crantz) | |
| 246 | 1 | _a[Effect of pruning on the productivity, preservation and quality of cassava (Manihot esculenta Crantz)] | |
| 260 | 3 |
_aLavras, MG (Brasil): _c1985. |
|
| 300 | _a116 p. | ||
| 500 | _a49 illus.; Summaries (Eng, Por); Bibliography p. 79-87 (54 ref.) | ||
| 650 | _aMANDIOCA | ||
| 650 | _aRAIZ ALIMENTICIA | ||
| 650 | _aPODA | ||
| 650 | _aPRODUTIVIDADE | ||
| 650 | _aCONSERVACAO | ||
| 650 | _aPROPRIEDADE FISICO-QUIMICA | ||
| 909 |
_a202309 _bLucia _c55 _dLucia Elande |
||
| 942 | _cBK | ||
| 999 |
_c37783 _d37783 |
||